| 000 | 01008cam a22002055a 4500 | ||
|---|---|---|---|
| 001 | L138207 | ||
| 008 | 070522s2007 xxk f 000 0 eng d | ||
| 035 | _a(Sirsi) u138207 | ||
| 041 | 0 | _aeng | |
| 050 | 0 | 4 | _a333.72 $2 18 |
| 110 | 2 |
_aAldersgate Group _95205 |
|
| 245 | 0 | 0 |
_aCorporate carbon accounting and reporting _h[electronic resource] |
| 260 |
_aLondon _bAldersgate Group _c2007 |
||
| 520 | _aReports that the lack of a standardised carbon accounting system is impeding the UK Government?s long term goals of reducing emissions and creating a low carbon economy. Reports that very few FTSE 350 companies have credible carbon reporting mechanisms in place, and those companies that do could not be compared because they calculated emissions differently. | ||
| 590 | _aKA | ||
| 651 | 4 |
_aUnited Kingdom _y |
|
| 690 | _aENVIRONMENTAL AND LAND CONSULTANCY-ENERGY-ENERGY USE | ||
| 856 | 4 | 0 |
_uhttps://www.aldersgategroup.org.uk/ _zView the item free of charge at www.aldersgategroup.org.uk... |
| 942 | _n0 | ||
| 999 |
_c107059 _d107059 |
||